| 000 | 00590cam a2200181u 4500 | ||
|---|---|---|---|
| 001 | 000007629 | ||
| 005 | 20200929154234.0 | ||
| 008 | 830325s1950 nyu 000 0 eng | ||
| 040 |
_aDO-SdBNP _bspa _cBNPHU |
||
| 082 |
_axxxxxx _bO77R |
||
| 100 | 1 |
_aOrtega y Gasset, José, _d1883-1955. _95769 |
|
| 240 | 0 | 0 |
_aRebeliÓn de las masas. _lEnglish [from old catalog] |
| 245 | 1 | 4 |
_aThe revolt of the masses / _cJosé Ortega y Gasset. |
| 260 |
_aNew York : _bNew American Library, _c1950. |
||
| 300 |
_a141 p. ; _c18 cm. |
||
| 490 | 1 | _aA mentor book | |
| 500 | _aIncluye notas al pie de las páginas. | ||
| 999 |
_c7409 _d7409 |
||